| 000 | 00746nam a22001815i 4500 | ||
|---|---|---|---|
| 001 | 166132 | ||
| 003 | ES-MaACL | ||
| 005 | 20230906213254.0 | ||
| 008 | 050908s1901 sp | |||||||| ||spa d | ||
| 040 |
_aCAM _bspa _cCAM |
||
| 100 | 1 |
_aTenorio Cerero, Nicolás. _9133175 |
|
| 245 | 1 | 3 |
_aEl Concejo de Sevilla _b: estudio de la organización político-social de la ciudad desde su reconquista hasta el reinado de D. Alfonso XI (1248-1312) / _checho por Nicolás Tenorio Cerero. |
| 260 |
_aSevilla : _b[s.n.], _c1901 ( _fImp. de E. Rasco) |
||
| 300 |
_a284 p. ; _c22 cm. |
||
| 651 | 4 |
_aSevilla- _xHistoria- _yS.XIII. _99391 |
|
| 651 | 4 |
_aSevilla- _xHistoria- _yS.XIV. _9155610 |
|
| 852 |
_aES-MaACL _jB-4887 _z-- Enc. hol., conservando la cub. original |
||
| 999 |
_c166132 _d166132 |
||